00537nam a2200205Ia 450000500170000000800460001702000180006303700100008104000080009104000080009904000080010704100080011504100080012308400080013110000760013924500310021526000230024626000090026985600530027820260121155231.0008 260114s9999 xx 000 0 eng d a9781315682181 aEBOOK aCRL beng cCRL 2eng aeng qCRL a John W. Humphrey; John P. Oleson; Andrew N. Sherwood; Milorad Nikolic  0aGreek and Roman Technology bTaylor and Francis c2020 uhttp://www.taylorfrancis.com/books/9781315682181